| 000 | 00422nam a2200181Ia 4500 | ||
|---|---|---|---|
| 005 | 20240823041151.0 | ||
| 008 | 240823s9999||||xx |||||||||||||| ||und|| | ||
| 041 | _aURUDU | ||
| 082 | _A591 P1 | ||
| 100 | _aAneesh Aazmi | ||
| 245 | 0 | _aWorld of Animals | |
| 250 | _a1st | ||
| 260 |
_c2001 _bNational Council for Promotion of Urdu Lan |
||
| 500 | _aYES | ||
| 650 |
_aAnimals _bGeneral |
||
| 942 | _cBK | ||
| 999 |
_c204849 _d204849 |
||